| 000 | 01394nam a2200241Ii 4500 | ||
|---|---|---|---|
| 003 | JO-AjNU | ||
| 005 | 20240630101121.0 | ||
| 008 | 230605s9999||||xx |||||||||||||| ||und|| | ||
| 040 |
_aJO-AjNU _bara _erda _cJO-AjNU |
||
| 041 | _aara | ||
| 050 | 1 | 4 | _aQA13.5 2015 |
| 100 | 1 |
_aالقصيرين، عندليب مصطفى _eمعد _965913 |
|
| 245 | 0 | 0 |
_aمعوقات تعليم الرياضيات وتعلمها لطلبة الصف العاشر الاساسي في لواء بني كنانة من وجهة نظر المعلمين والطلبة=The obstacles of teaching and learning mathematics for 10th grade at bani-kenana region from teacher,s and students, perspectives / _cاعداد عندليب مصطفى القصيرين، اشراف احمد محمد الدويري |
| 264 | 3 | 1 | _a 2015 |
| 300 | _a93 ورقة | ||
| 336 |
_atext _btxt _2rdacontent |
||
| 337 |
_aunmediated _bn _2rdamedia |
||
| 338 |
_avolume _bnc _2rdacarrier |
||
| 500 | _aرسالة جامعية (ماجستير في مناهج الرياضيات واساليب التدريس للمرحلة الاساسية)--جامعة ال البيت، كلية العلوم التربوية(المفرق)، 2015، يشتمل على جداول توضيحية | ||
| 650 | 4 |
_aالرياضيات - مناهج واساليب تدريس _957634 |
|
| 700 | 1 |
_aالدويري، احمد محمد _eمشرف _965916 |
|
| 942 |
_2lcc _cTHS |
||
| 999 |
_c29407 _d29407 |
||